000 00735nam a2200289Ia 4500
005 20260324113719.0
008 008 260324s9999 xx 000 0 eng d
020 _a9781003389804
037 _aEBOOK
040 _aCRL
040 _beng
040 _cCRL
041 _2eng
041 _aeng
084 _qCRL
100 _aCarlos Domínguez-Morano; Francisco Javier Montero
_91147879
245 0 _aSigmund Freud and Oskar Pfister on Religion
245 4 _bThe Beginning of an Endless Dialogue
260 _bTaylor and Francis
260 _c2023
365 _a
365 _b220
856 _uhttp://www.taylorfrancis.com/books/9781003389804
942 _cEBOOK
999 _c1737673
_d1737673